El ingenioso hidalgo don Quijote de la Mancha

Gardado en:
Detalles Bibliográficos
Autor Principal: Cervantes y Saavedra, Miguel de (Author)
Formato: Libro
Idioma:Lingua castelá
Publicado: Madrid Espasa-Calpe 1967
Edición:8a. ed
Series:Clásicos Castellanos, 4-6-8-10-13-16-19-22
Subjects:
Tags: Engadir etiqueta
Sen Etiquetas, Sexa o primeiro en etiquetar este rexistro!

MARC

LEADER 00000nam a2200000 a 4500
001 UCQ1986
003 CL-VaPUC
008 980721e19670000SP |||||||||||||||||spa|d
082 0 4 |a 863  |b CER  |2 21 
100 |a Cervantes y Saavedra, Miguel de  |e author  |9 267947 
245 1 3 |a El ingenioso hidalgo don Quijote de la Mancha 
250 |a 8a. ed 
300 |a 8 v 
942 |c BK 
945 |d 19980721 00:00:00  |a lriquelm 
260 |a Madrid  |b Espasa-Calpe  |c 1967 
650 0 |a Novelas españolas  |9 265052 
650 0 |a Literatura española  |9 306261 
583 |a last modification  |c 19980721 00:00:00  |k Rodrigo Vera 
490 0 |a Clásicos Castellanos, 4-6-8-10-13-16-19-22 
999 |c 272829  |d 272827 
952 |0 0  |1 0  |4 0  |6 863_000000000000000_CER_1967  |7 0  |8 A  |9 308010  |a BIBEDU  |b BIBEDU  |d 2019-11-20  |h v.3  |i 1440411  |o 863 CER 1967  |p 1440411  |r 2019-11-20  |w 2019-11-20  |y BK  |k LIT 
952 |0 0  |1 0  |4 0  |6 863_000000000000000_CER_1967  |7 0  |8 A  |9 308011  |a BIBEDU  |b BIBEDU  |d 2019-11-20  |h v.4  |i 1440462  |o 863 CER 1967  |p 1440462  |r 2019-11-20  |w 2019-11-20  |y BK  |k LIT